| 000 | 00487 a2200157 4500 | ||
|---|---|---|---|
| 999 |
_c3218 _d3218 |
||
| 020 | _a9781316509364 | ||
| 050 | _aK1327 UND 2017 | ||
| 100 | _aChoudhury, Barnali (editor) | ||
| 245 |
_aUnderstanding the company: _bCorporate governance and theory _cEdited by Barnali Choudhury and Martin Petrin |
||
| 264 |
_aLondon _bCambridge _c2017 |
||
| 300 | _a328p., | ||
| 500 | _aCorporate governance | ||
| 650 | _aCorporate governance | ||
| 700 | _aPetrin, Martin | ||
| 942 |
_2olc _cBK _h1327 _iUND _kK |
||